000
00229 a2200097 4500
001
48498
100
_a
Marchington, T
245
_a
Minerals and mineral deposits
260
_a
London
_b
Oxford univ press
_c
090
_c
31434
_d
31434
942
_a
NUST-CAE
_c
M
_c
23819
999
_c
283571
_d
283571